El trovador ; Simón Bocanegra / (Record no. 133838)

MARC details
000 -LEADER
campo de control de longitud fija 00985nam a2200265 i 4500
001 - NÚMERO DE CONTROL
campo de control 133838
003 - IDENTIFICADOR DE NÚMERO DE CONTROL
campo de control ES-MaACL
005 - FECHA Y HORA DE LA ÚLTIMA TRANSACCIÓN
campo de control 20230906194537.0
007 - CAMPO FIJO DE DESCRIPCIÓN FÍSICA--INFORMACIÓN GENERAL
campo de control de longitud fija t|
008 - DATOS DE LONGITUD FIJA--INFORMACIÓN GENERAL
campo de control de longitud fija 070831s1989 sp |||| | spa d
020 ## - NÚMERO INTERNACIONAL ESTÁNDAR DEL LIBRO
Número Internacional Estándar del Libro 84-320-4010-X
080 ## - NÚMERO DE LA CLASIFICACIÓN DECIMAL UNIVERSAL
Número de la Clasificación Decimal Universal 821.134.2
100 1# - ENTRADA PRINCIPAL--NOMBRE DE PERSONA
Nombre de persona García Gutiérrez, Antonio,
Fechas asociadas al nombre 1813-1884
9 (RLIN) 54743
245 13 - MENCIÓN DEL TÍTULO
Título El trovador ; Simón Bocanegra /
Mención de responsabilidad, etc. Antonio García Gutiérrez ; edición, introducción y notas de Luis F. Díaz Larios.
246 3# - FORMA VARIANTE DEL TITULO
Título propio/Titulo breve Simón Bocanegra
250 ## - MENCION DE EDICION
Mención de edición 1ª ed. en Clásicos universales Planeta.
260 ## - PUBLICACIÓN, DISTRIBUCIÓN, ETC.
Lugar de publicación, distribución, etc. Madrid :
Nombre del editor, distribuidor, etc. Planeta,
Fecha de publicación, distribución, etc. 1989.
300 ## - DESCRIPCIÓN FÍSICA
Extensión XL, 193 p. ;
Dimensiones 19 cm.
490 1# - MENCIÓN DE SERIE
Mención de serie Clásicos universales Planeta. Autores hispánicos ;
Designación de volumen o secuencia 168
504 ## - NOTA DE BIBLIOGRAFÍA, ETC.
Nota de bibliografía, etc. Bibliografía: p. XXXVI-XL.
700 1# - ENTRADA AGREGADA--NOMBRE PERSONAL
Nombre de persona Díaz Larios, Luis F.
9 (RLIN) 44317
830 1# - PUNTO DE ACCESO ADICIONAL DE SERIE-TÍTULO UNIFORME
Título uniforme Clásicos universales Planeta. Autores hispánicos ;
Designación de volumen o secuencia 168
9 (RLIN) 186962
852 ## - LOCALIZACIÓN
Ubicación ES-MaACL
Número de control de estantería E-12087
Nota libre - Biblioteca Jacinto Martínez Lacalle
Holdings
Estatus retirado Estado de pérdida Estado de daño No para préstamo Biblioteca de origen Biblioteca actual Ubicación en estantería Fecha de adquisición Fuente de adquisición Total de préstamos Signatura topográfica completa Código de barras Visto por última vez Precio de reemplazo Tipo de ítem Koha
        Biblioteca del Ateneo de Madrid Biblioteca del Ateneo de Madrid Depósito 2 17/01/2008     E-12087 1139320 23/02/2023 23/02/2023 Libro impreso